Hidden dimensions : The Unification of physics and consciousness (Record no. 22769)

MARC details
000 -LEADER
fixed length control field 01094cam a22002534a 4500
020 ## - INTERNATIONAL STANDARD BOOK NUMBER
ISBN 9780231141505 (cloth : alk. paper)
020 ## - INTERNATIONAL STANDARD BOOK NUMBER
ISBN 0231141505 (cloth : alk. paper)
020 ## - INTERNATIONAL STANDARD BOOK NUMBER
ISBN 9780231512206 (electronic)
020 ## - INTERNATIONAL STANDARD BOOK NUMBER
ISBN 0231512201 (electronic)
082 00 - DEWEY DECIMAL CLASSIFICATION NUMBER
Classification number 126
Author Cutter WAL
100 1# - MAIN ENTRY--AUTHOR NAME
Author name Wallace, B. Alan.
245 10 - TITLE STATEMENT
Title Hidden dimensions : The Unification of physics and consciousness
260 ## - PUBLICATION, DISTRIBUTION, ETC. (IMPRINT)
Place of publication New York :
Name of publisher Columbia University Press,
Year of publication c2007.
300 ## - PHYSICAL DESCRIPTION
Number of Pages xi, 158 p. :
Other physical details ill. ;
505 0# - FORMATTED CONTENTS NOTE
Formatted contents note The unnatural history of science -- The many worlds of naturalism -- Toward a natural theory of human consciousness -- Observing the space of the mind -- A special theory of ontological relativity -- High-energy experiments in consciousness -- A general theory of ontological relativity -- Experiments in quantum consciousness -- Perfect symmetry.
650 #0 - SUBJECT ADDED ENTRY--TOPICAL TERM
Topical Term Consciousness.
650 #0 - SUBJECT ADDED ENTRY--TOPICAL TERM
Topical Term Quantum theory.
650 #0 - SUBJECT ADDED ENTRY--TOPICAL TERM
Topical Term Physics
650 #0 - SUBJECT ADDED ENTRY--TOPICAL TERM
Topical Term Psychophysics.
650 #0 - SUBJECT ADDED ENTRY--TOPICAL TERM
Topical Term Buddhism.
856 41 - ELECTRONIC LOCATION AND ACCESS
Uniform Resource Identifier http://www.loc.gov/catdir/toc/ecip074/2006036326.html
942 ## - ADDED ENTRY ELEMENTS (KOHA)
Koha item type Books
Holdings
Home library Current library Shelving location Date acquired Full call number Accession Number Koha item type
Henry Martyn Institute Library Henry Martyn Institute Library General stacks 10/22/2019 126 WAL 25648 Books
                   Copyright © 2026 | Henry Martyn Institute | Hyderabad | TS-500052 | INDIA | Implemented by hmi.edu.in
Hit-Count:

Powered by Koha